00702nam a2200241 a 4500001001300000003000900013005001700022008004100039020002300080082001300103100001900116245001800135260004300153300001000196500003500206505002500241650002000266650002800286902000800314942000700322952011400329999001700443nice12345678IN_TiNIC20260116014100.0140219s2009 oxfa grp 000 0 eng  a9781851685417c39500a928bBUS aBushri, Suheil aKhalil Gibran aOxford bOne World Publications c2009 a372p  aincludes index and biblioraphy2 anotes, biblio, index aBiography-Poets aBiography-Khalil Gibran bSRS cBK 001040708StackRoom-aHMIbHMId2014-02-19g395.00l0o928 BUSp024358r2014-02-19v395.00w2014-02-19yBK c13795d13795